[Event "I Open Distrito de Chamartin 2012"]
[Site "Madrid ESP"]
[Date "2012.09.11"]
[Round "4.28"]
[White "Cerrato Torrijos, Javier"]
[Black "Lopez Heras, Arturo"]
[Result "1-0"]
[WhiteElo "1718"]
[BlackElo "1976"]
[PlyCount "69"]
[EventDate "2012.09.09"]
[EventType "swiss"]
[EventRounds "9"]
[EventCountry "ESP"]
[Source "lmi"]
[SourceDate "2012.09.09"]

1. e4 c5 2. Nf3 d6 3. d4 cxd4 4. Nxd4 Nf6 5. Nc3 g6 6. Be3 Bg7 7. f3 O-O 8. Qd2
Nc6 9. O-O-O Bd7 10. Kb1 Rc8 11. g4 Ne5 12. h4 Nc4 13. Bxc4 Rxc4 14. h5 Qa5 15.
Nb3 Qc7 16. hxg6 fxg6 17. e5 Ne8 18. Nd5 Qd8 19. Bg5 Rf7 20. Nxe7+ Rxe7 21.
exd6 Qc8 22. dxe7 Be6 23. Qe2 Bf7 24. Qh2 h5 25. gxh5 gxh5 26. Rhg1 Kh7 27. Qg2
Qf5 28. Be3 Bg6 29. Rd2 a5 30. Nd4 Qf6 31. Qg5 Qb6 32. Rdg2 Rc6 33. b3 Rd6 34.
Nf5 Qb4 35. Nxg7 1-0

[Event "I Open Distrito de Chamartin 2012"]
[Site "Madrid ESP"]
[Date "2012.09.11"]
[Round "4.29"]
[White "Cucarella Montell, Angels"]
[Black "Garcia Otero, Pedro"]
[Result "1-0"]
[WhiteElo "1967"]
[BlackElo "1733"]
[PlyCount "27"]
[EventDate "2012.09.09"]
[EventType "swiss"]
[EventRounds "9"]
[EventCountry "ESP"]
[Source "lmi"]
[SourceDate "2012.09.09"]

1. e4 d5 2. exd5 Qxd5 3. Nc3 Qe5+ 4. Be2 c6 5. Nf3 Qc7 6. d4 Nf6 7. Ne5 Bf5 8.
Bf4 Qd8 9. Bc4 e6 10. g4 Bg6 11. h4 Ne4 12. f3 Nxc3 13. bxc3 Qf6 14. Bg5 1-0

[Event "I Open Distrito de Chamartin 2012"]
[Site "Madrid ESP"]
[Date "2012.09.11"]
[Round "4.30"]
[White "Orantes Sanz, Ricardo"]
[Black "Lopez Garralon, Miguel"]
[Result "0-1"]
[WhiteElo "1604"]
[BlackElo "1947"]
[PlyCount "82"]
[EventDate "2012.09.09"]
[EventType "swiss"]
[EventRounds "9"]
[EventCountry "ESP"]
[Source "lmi"]
[SourceDate "2012.09.09"]

1. Nf3 Nf6 2. c4 d6 3. g3 Nbd7 4. Bg2 c6 5. d3 e5 6. Nbd2 g6 7. b4 d5 8. Qb3
Qe7 9. a3 Bg7 10. Rb1 O-O 11. O-O Re8 12. Re1 e4 13. dxe4 dxe4 14. Ng5 e3 15.
fxe3 Bh6 16. Nde4 Nxe4 17. Nxe4 f5 18. c5+ Qe6 19. Nd6 Re7 20. Rf1 Nf6 21. e4
Qxb3 22. Rxb3 Bxc1 23. Rxc1 fxe4 24. Re3 Bf5 25. h3 h5 26. Rf1 Nd5 27. Nxf5
gxf5 28. Rb3 Rf8 29. e3 Rg7 30. Kf2 Rf6 31. Rg1 Kf7 32. b5 Ke6 33. Bf1 Ke5 34.
h4 Rfg6 35. Be2 Nf6 36. bxc6 bxc6 37. Rb8 Nd7 38. Re8+ Re6 39. Rxe6+ Kxe6 40.
Rc1 Ne5 41. Bxh5 Nd3+ 0-1

[Event "I Open Distrito de Chamartin 2012"]
[Site "Madrid ESP"]
[Date "2012.09.11"]
[Round "4.32"]
[White "Marcos Herrero, Francisco"]
[Black "Arias De Reina Martinez, Francisco"]
[Result "1-0"]
[WhiteElo "1937"]
[BlackElo "1614"]
[PlyCount "37"]
[EventDate "2012.09.09"]
[EventType "swiss"]
[EventRounds "9"]
[EventCountry "ESP"]
[Source "lmi"]
[SourceDate "2012.09.09"]

1. d4 Nf6 2. c4 g6 3. g3 Bg7 4. Bg2 d5 5. cxd5 Nxd5 6. Nc3 Nxc3 7. bxc3 c5 8.
Nf3 Nc6 9. e3 O-O 10. O-O Bg4 11. Qa4 Qc7 12. Ba3 cxd4 13. cxd4 Rfd8 14. Rac1
Qd7 15. Rfd1 Bf5 16. d5 Ne5 17. Qxd7 Nxf3+ 18. Bxf3 Rxd7 19. g4 1-0

[Event "I Open Distrito de Chamartin 2012"]
[Site "Madrid ESP"]
[Date "2012.09.11"]
[Round "4.33"]
[White "Hall, Rachid"]
[Black "Sotres Menendez, Raul"]
[Result "0-1"]
[WhiteElo "2013"]
[BlackElo "1599"]
[PlyCount "62"]
[EventDate "2012.09.09"]
[EventType "swiss"]
[EventRounds "9"]
[EventCountry "ESP"]
[Source "lmi"]
[SourceDate "2012.09.09"]

1. e4 c6 2. d4 d5 3. c4 dxe4 4. Nc3 Nf6 5. Bf4 e6 6. Nge2 Bb4 7. Qa4 Bd6 8.
O-O-O O-O 9. h4 a6 10. h5 h6 11. Be5 Qe7 12. Bxf6 Qxf6 13. Nxe4 Bf4+ 14. Kb1
Qf5 15. f3 b5 16. Qc2 Bc7 17. N2c3 b4 18. g4 Qxf3 19. Bg2 Qe3 20. Rh3 Qf4 21.
g5 e5 22. Rf1 Qxf1+ 23. Bxf1 Bxh3 24. Bxh3 bxc3 25. gxh6 f5 26. Nxc3 Bd8 27. d5
Nd7 28. dxc6 Nf6 29. Bxf5 Ra7 30. Qg2 Nxh5 31. Qg6 Nf6 0-1

[Event "I Open Distrito de Chamartin 2012"]
[Site "Madrid ESP"]
[Date "2012.09.11"]
[Round "4.34"]
[White "Sanchez Rodenas, Antonio"]
[Black "Sanchez Millan, Eduardo"]
[Result "0-1"]
[WhiteElo "1756"]
[BlackElo "2011"]
[PlyCount "42"]
[EventDate "2012.09.09"]
[EventType "swiss"]
[EventRounds "9"]
[EventCountry "ESP"]
[Source "lmi"]
[SourceDate "2012.09.09"]

1. d4 d5 2. c4 e5 3. dxe5 d4 4. Nf3 Nc6 5. a3 Bg4 6. Qd3 Bxf3 7. Qxf3 Qe7 8.
Nd2 O-O-O 9. g3 Nxe5 10. Qe4 Nf6 11. Qf5+ Kb8 12. f4 Neg4 13. Qd3 Ne3 14. Kf2
Nfg4+ 15. Kg1 g5 16. f5 h5 17. Qe4 Nc2 18. Qxe7 Bxe7 19. Rb1 d3 20. exd3 Bc5+
21. Kg2 Ne1+ 0-1

[Event "I Open Distrito de Chamartin 2012"]
[Site "Madrid ESP"]
[Date "2012.09.11"]
[Round "4.35"]
[White "Tipter, Napoleon"]
[Black "Martinez Rubio, Felipe"]
[Result "1-0"]
[WhiteElo "2002"]
[BlackElo "1835"]
[PlyCount "113"]
[EventDate "2012.09.09"]
[EventType "swiss"]
[EventRounds "9"]
[EventCountry "ESP"]
[Source "lmi"]
[SourceDate "2012.09.09"]

1. e4 c5 2. Nf3 e6 3. c3 d5 4. exd5 Qxd5 5. Bb5+ Bd7 6. Qa4 Bxb5 7. Qxb5+ Qc6
8. Na3 a6 9. Qe2 b5 10. O-O Nd7 11. d4 cxd4 12. Nxd4 Qd5 13. Rd1 Bxa3 14. bxa3
Ngf6 15. a4 Qc4 16. Qf3 O-O 17. Qg3 Ne4 18. Qh4 Nxc3 19. Re1 e5 20. Nf5 Qxh4
21. Nxh4 Nxa4 22. Nf5 a5 23. Re3 f6 24. Rg3 g5 25. h4 Kf7 26. hxg5 Ke6 27. Ng7+
Kd5 28. Ba3 b4 29. Rd1+ Kc6 30. Rgd3 Rf7 31. Rd6+ Kc7 32. Ne6+ Kc8 33. Bc1 Nc3
34. R1d2 Ra7 35. Rc2 Rb7 36. Bd2 Kb8 37. Bxc3 bxc3 38. Rxc3 Rb6 39. Rxb6+ Nxb6
40. Rb3 Ka7 41. Nd8 Rf8 42. Nc6+ Ka6 43. gxf6 Rxf6 44. Nxe5 Re6 45. f4 Nd5 46.
g3 Nb4 47. a3 Nc2 48. Kf2 Rh6 49. g4 Nd4 50. Rd3 Nb5 51. Kg3 Rd6 52. Re3 Rd4
53. f5 Nd6 54. f6 Re4 55. Rd3 Rxe5 56. Rxd6+ Kb7 57. f7 1-0

[Event "I Open Distrito de Chamartin 2012"]
[Site "Madrid ESP"]
[Date "2012.09.11"]
[Round "4.36"]
[White "Algaba Traspuesto, Jose Antonio"]
[Black "Noval Toldos, Francisco Javier"]
[Result "0-1"]
[WhiteElo "1646"]
[BlackElo "1956"]
[PlyCount "86"]
[EventDate "2012.09.09"]
[EventType "swiss"]
[EventRounds "9"]
[EventCountry "ESP"]
[Source "lmi"]
[SourceDate "2012.09.09"]

1. e4 c5 2. Nc3 Nc6 3. f4 e6 4. Nf3 Nge7 5. Bb5 a6 6. Bxc6 Nxc6 7. d3 b5 8. O-O
Be7 9. Be3 O-O 10. d4 cxd4 11. Nxd4 Bb7 12. e5 Na5 13. b3 Rc8 14. Qd3 f5 15.
exf6 Rxf6 16. Ne4 Rf8 17. Rad1 Qc7 18. Rf2 e5 19. fxe5 Rxf2 20. Bxf2 Qxe5 21.
Ng3 Bc5 22. c3 Qd5 23. Nf3 Bxf2+ 24. Kxf2 Qc5+ 25. Qd4 Bxf3 26. gxf3 Qxd4+ 27.
Rxd4 Rxc3 28. Rxd7 Rc2+ 29. Ke3 Rxa2 30. Nf5 g6 31. Nh6+ Kf8 32. b4 Nc6 33. Ng4
h5 34. Nf6 Rxh2 35. Nd5 Rb2 36. Nf4 Rb3+ 37. Kf2 Ne5 38. Ne6+ Ke8 39. Ra7 Rxf3+
40. Kg2 h4 41. Rxa6 h3+ 42. Kh1 Ng4 43. Ng5 Rf1# 0-1

[Event "I Open Distrito de Chamartin 2012"]
[Site "Madrid ESP"]
[Date "2012.09.11"]
[Round "4.37"]
[White "Matesanz Bonastre, Rafael"]
[Black "Lopez Ziegler, Carlos"]
[Result "0-1"]
[WhiteElo "1631"]
[BlackElo "1918"]
[PlyCount "46"]
[EventDate "2012.09.09"]
[EventType "swiss"]
[EventRounds "9"]
[EventCountry "ESP"]
[Source "lmi"]
[SourceDate "2012.09.09"]

1. d4 d5 2. c4 e6 3. Nc3 Nf6 4. Bg5 c6 5. e3 Be7 6. Nf3 Nbd7 7. Bd3 O-O 8. O-O
a6 9. a4 h6 10. Bh4 dxc4 11. Bxc4 c5 12. dxc5 Nxc5 13. Qxd8 Rxd8 14. Rfd1 Rxd1+
15. Rxd1 Bd7 16. b3 Rc8 17. Ne5 Be8 18. h3 g5 19. Bg3 Nxb3 20. Bxb3 Rxc3 21.
Rb1 Ne4 22. Nf3 Nxg3 23. fxg3 Rxe3 0-1

[Event "I Open Distrito de Chamartin 2012"]
[Site "Madrid ESP"]
[Date "2012.09.11"]
[Round "4.38"]
[White "Martin Garcia, Francisco Javier"]
[Black "Santamaria Baeza, Adolfo"]
[Result "1-0"]
[WhiteElo "1609"]
[BlackElo "1897"]
[PlyCount "115"]
[EventDate "2012.09.09"]
[EventType "swiss"]
[EventRounds "9"]
[EventCountry "ESP"]
[Source "lmi"]
[SourceDate "2012.09.09"]

1. e4 e5 2. Nf3 Nc6 3. Bc4 Bc5 4. c3 Qf6 5. d4 exd4 6. e5 Qg6 7. cxd4 Qe4+ 8.
Be3 Be7 9. Nc3 Qg6 10. O-O Nh6 11. Bd5 O-O 12. Be4 Qh5 13. Ne2 f5 14. Nf4 Qe8
15. Bd5+ Kh8 16. h3 g5 17. Ne2 f4 18. Bd2 d6 19. exd6 cxd6 20. Re1 Nf5 21. Bc3
Qh5 22. Bxc6 bxc6 23. d5+ Bf6 24. dxc6 Bxc3 25. Nxc3 g4 26. hxg4 Qxg4 27. Nh2
Qg6 28. Qg4 Qxg4 29. Nxg4 Nd4 30. Rad1 Nc2 31. Re2 Bxg4 32. Rxc2 Bxd1 33. Nxd1
Rfe8 34. Nc3 Re5 35. b4 a6 36. Na4 Rb5 37. a3 Re8 38. Kf1 a5 39. Nc3 Rbe5 40.
f3 Kg7 41. Ne4 Rd5 42. b5 Rxb5 43. c7 Rc5 44. Nxc5 dxc5 45. Rxc5 Rc8 46. Kf2
Kf6 47. g3 fxg3+ 48. Kxg3 Ke6 49. Kh4 Kd6 50. Rc3 Rxc7 51. Rxc7 Kxc7 52. Kg5
Kd6 53. f4 a4 54. Kf6 Kd5 55. f5 h5 56. Kg7 h4 57. f6 h3 58. f7 1-0

[Event "I Open Distrito de Chamartin 2012"]
[Site "Madrid ESP"]
[Date "2012.09.11"]
[Round "4.39"]
[White "Barria Arbunic, Manuel"]
[Black "De La Orden Alcocer, Alejandro"]
[Result "0-1"]
[WhiteElo "1470"]
[BlackElo "1857"]
[PlyCount "78"]
[EventDate "2012.09.09"]
[EventType "swiss"]
[EventRounds "9"]
[EventCountry "ESP"]
[Source "lmi"]
[SourceDate "2012.09.09"]

1. d4 d6 2. c4 Nf6 3. Nf3 Nbd7 4. Nc3 e5 5. e4 Be7 6. Be2 O-O 7. O-O Re8 8. Qc2
c6 9. Rd1 Qc7 10. Bf1 a6 11. b3 b5 12. Ba3 exd4 13. Ne2 c5 14. b4 Ne5 15. cxb5
Nxf3+ 16. gxf3 axb5 17. Nxd4 Bd7 18. Nxb5 Bxb5 19. Bxb5 Reb8 20. Qd3 Rxb5 21.
Qxb5 Rxa3 22. bxc5 dxc5 23. Rd3 Ra5 24. Qc4 Nd7 25. Qc2 Ne5 26. Rc3 Ng6 27. Rd1
Nf4 28. Qd2 Bg5 29. Qc2 Qc8 30. Rb1 g6 31. Qd1 Rxa2 32. Rcb3 Nh3+ 33. Kf1 Rxf2+
34. Ke1 Qa6 35. Rb8+ Kg7 36. R8b5 Qa2 37. R5b2 Rxb2 38. Rxb2 Qxb2 39. Qd6 Nf4
0-1

[Event "I Open Distrito de Chamartin 2012"]
[Site "Madrid ESP"]
[Date "2012.09.11"]
[Round "4.40"]
[White "Narro Jimenez, Jose Reyes"]
[Black "Juberias Guillen, Paloma"]
[Result "1-0"]
[WhiteElo "1835"]
[BlackElo "1788"]
[PlyCount "77"]
[EventDate "2012.09.09"]
[EventType "swiss"]
[EventRounds "9"]
[EventCountry "ESP"]
[Source "lmi"]
[SourceDate "2012.09.09"]

1. e4 c6 2. d4 d5 3. Nc3 dxe4 4. Nxe4 Bf5 5. Ng3 Bg6 6. Nf3 Nd7 7. Bd3 Bxd3 8.
Qxd3 Ngf6 9. O-O Qc7 10. Be3 e6 11. h3 Bd6 12. Ne4 Nxe4 13. Qxe4 O-O 14. Rad1
Rfe8 15. Rfe1 e5 16. dxe5 Nxe5 17. Bd4 Nxf3+ 18. Qxf3 c5 19. Bc3 b5 20. Qg4 Bf8
21. h4 b4 22. Bd2 Rxe1+ 23. Rxe1 Qd6 24. Be3 Qe5 25. Rb1 h5 26. Qc4 Bd6 27. g3
Qf5 28. Rd1 Bf8 29. Qd5 Qxc2 30. Rd2 Qb1+ 31. Rd1 Qc2 32. Rc1 Qxb2 33. Qxa8 c4
34. Rxc4 Qxa2 35. Rc8 b3 36. Rxf8+ Kh7 37. Qe4+ g6 38. Rxf7+ Kh8 39. Qe8# 1-0

[Event "I Open Distrito de Chamartin 2012"]
[Site "Madrid ESP"]
[Date "2012.09.11"]
[Round "4.41"]
[White "Garceran Izquierdo, Ruben"]
[Black "Lopez Garralon, Jorge"]
[Result "1/2-1/2"]
[WhiteElo "1719"]
[BlackElo "1264"]
[PlyCount "112"]
[EventDate "2012.09.09"]
[EventType "swiss"]
[EventRounds "9"]
[EventCountry "ESP"]
[Source "lmi"]
[SourceDate "2012.09.09"]

1. c4 d6 2. d4 Nf6 3. Nc3 Nbd7 4. Nf3 e5 5. dxe5 dxe5 6. e3 c6 7. Be2 Be7 8.
O-O O-O 9. Qc2 Re8 10. Rd1 Qc7 11. b3 Nf8 12. Bb2 Ng6 13. Rd2 Bg4 14. h3 Bxf3
15. Bxf3 Rad8 16. Rad1 Nh4 17. Be2 Rxd2 18. Rxd2 Rd8 19. g3 Ng6 20. Bf3 Rd6 21.
Ne4 Nxe4 22. Bxe4 Qd7 23. Rxd6 Qxd6 24. Qd3 Qxd3 25. Bxd3 f6 26. a3 Nf8 27. Bf5
b6 28. Be4 c5 29. Bd5+ Kh8 30. f4 exf4 31. gxf4 Bd6 32. Bc3 a5 33. Kg2 Ng6 34.
Be1 Ne7 35. Be6 Ng6 36. Kf3 Nf8 37. Bd5 h6 38. h4 Ng6 39. h5 Ne7 40. Be6 Kh7
41. Bd7 Kg8 42. Bg3 Kf7 43. e4 Ng8 44. e5 fxe5 45. fxe5 Ke7 46. exd6+ Kxd7 47.
Be5 Nf6 48. Bxf6 gxf6 49. Kf4 Kxd6 50. Kf5 Ke7 51. Kg6 f5 52. Kxf5 Kf7 53. a4
Ke7 54. Ke5 Kd7 55. Kd5 Kc7 56. Ke6 Kc6 1/2-1/2

[Event "I Open Distrito de Chamartin 2012"]
[Site "Madrid ESP"]
[Date "2012.09.11"]
[Round "4.42"]
[White "Aguado Rodriguez, Guillermo"]
[Black "Sanchez Tapia, Luis G"]
[Result "1-0"]
[WhiteElo "1881"]
[BlackElo "1605"]
[PlyCount "85"]
[EventDate "2012.09.09"]
[EventType "swiss"]
[EventRounds "9"]
[EventCountry "ESP"]
[Source "lmi"]
[SourceDate "2012.09.09"]

1. d4 Nf6 2. Nf3 g6 3. Bf4 d6 4. e3 Bg4 5. Be2 Nh5 6. Bg3 Nd7 7. Nbd2 Nxg3 8.
hxg3 Bg7 9. c3 c6 10. Qb3 Qb6 11. Nc4 Qxb3 12. axb3 b6 13. b4 O-O 14. e4 Nf6
15. Ne3 Bxf3 16. gxf3 Ne8 17. f4 Nc7 18. e5 d5 19. O-O b5 20. Ra2 Rfb8 21. Rfa1
a6 22. Nf1 f6 23. Nd2 Kf7 24. Nb3 Rb6 25. Nc5 f5 26. Kg2 h5 27. f3 Bh6 28. Kf2
Kg7 29. Ke3 Kf7 30. g4 Ne6 31. g5 Nxg5 32. fxg5 Bxg5+ 33. f4 Bh4 34. Rxa6 Rbxa6
35. Rxa6 Rxa6 36. Nxa6 e6 37. Nb8 Kg7 38. Nxc6 Kh6 39. Bxb5 g5 40. fxg5+ Bxg5+
41. Kf3 h4 42. Bf1 Bc1 43. b3 1-0

[Event "I Open Distrito de Chamartin 2012"]
[Site "Madrid ESP"]
[Date "2012.09.11"]
[Round "4.43"]
[White "Sorribes Calle, Pablo"]
[Black "Picazo Sancho, Alvaro"]
[Result "1-0"]
[WhiteElo "1677"]
[BlackElo "1481"]
[PlyCount "69"]
[EventDate "2012.09.09"]
[EventType "swiss"]
[EventRounds "9"]
[EventCountry "ESP"]
[Source "lmi"]
[SourceDate "2012.09.09"]

1. d4 Nf6 2. c4 g6 3. Nc3 Bg7 4. Bg5 d6 5. e3 O-O 6. Bd3 Nbd7 7. Nge2 Re8 8.
O-O e5 9. f3 h6 10. Bh4 a6 11. Qc2 Nf8 12. Rad1 Qd7 13. d5 N6h7 14. f4 exf4 15.
exf4 f5 16. Kh1 Nf6 17. h3 Qf7 18. Bf2 Bd7 19. Nd4 Rab8 20. Rfe1 Rxe1+ 21. Rxe1
Re8 22. Nb3 b5 23. Rxe8 Qxe8 24. Nd4 Nh5 25. Nce2 Nh7 26. g4 Bxd4 27. Bxd4 N5f6
28. Ng3 fxg4 29. Bxg6 Qe1+ 30. Kh2 gxh3 31. Bxh7+ Nxh7 32. Qg6+ Kf8 33. Qg7+
Ke8 34. f5 Ng5 35. Qg8+ 1-0

[Event "I Open Distrito de Chamartin 2012"]
[Site "Madrid ESP"]
[Date "2012.09.11"]
[Round "4.44"]
[White "Salgado Duarte, Pablo"]
[Black "Moreno Sanchez, Guillermo"]
[Result "0-1"]
[WhiteElo "1579"]
[BlackElo "1635"]
[PlyCount "138"]
[EventDate "2012.09.09"]
[EventType "swiss"]
[EventRounds "9"]
[EventCountry "ESP"]
[Source "lmi"]
[SourceDate "2012.09.09"]

1. d4 d5 2. c4 e6 3. Nc3 Nf6 4. Nf3 Bb4 5. Bd2 O-O 6. cxd5 exd5 7. e3 Bg4 8.
Be2 Re8 9. O-O c6 10. Re1 Nbd7 11. Qb3 Bxc3 12. Bxc3 Qc7 13. Rac1 Rac8 14. Qa3
a6 15. h3 Bh5 16. Nd2 Bg6 17. Bf3 Ra8 18. Bb4 Re6 19. Nb3 b6 20. Nd2 Ra7 21.
Nf1 a5 22. Bd2 b5 23. Qb3 Nb6 24. Be2 Qd7 25. Nh2 h5 26. Nf3 Ne4 27. Qd1 Nc4
28. Bxc4 dxc4 29. Nh4 Qd5 30. Rf1 Qg5 31. Nf3 Qf6 32. Be1 h4 33. Ne5 Qg5 34. f4
Qf6 35. Qf3 Nd6 36. Nxg6 fxg6 37. Bc3 Qf5 38. Qxc6 Rae7 39. Bd2 Ne4 40. Qa8+
Re8 41. Qxa5 Nxd2 42. Qxd2 Rxe3 43. Rce1 Rxe1 44. Rxe1 Rxe1+ 45. Qxe1 Qxf4 46.
Qf2 g5 47. Qxf4 gxf4 48. Kf2 g5 49. Kf3 Kg7 50. Kg4 Kf6 51. d5 b4 52. d6 Ke6
53. d7 Kxd7 54. Kxg5 c3 55. bxc3 bxc3 56. Kxf4 c2 57. Kg4 c1=Q 58. Kxh4 Qe1+
59. Kg4 Qe4+ 60. Kg3 Qe5+ 61. Kg4 Ke6 62. h4 Qf5+ 63. Kg3 Ke5 64. a4 Qf4+ 65.
Kh3 Qxa4 66. g3 Qd7+ 67. Kh2 Qg4 68. Kg2 Ke4 69. Kh2 Kf3 0-1

[Event "I Open Distrito de Chamartin 2012"]
[Site "Madrid ESP"]
[Date "2012.09.12"]
[Round "5.1"]
[White "Vera Gonzalez-Quevedo, Reynaldo"]
[Black "Barria Zuniga, Daniel"]
[Result "1/2-1/2"]
[WhiteElo "2481"]
[BlackElo "2432"]
[PlyCount "60"]
[EventDate "2012.09.09"]
[EventType "swiss"]
[EventRounds "9"]
[EventCountry "ESP"]
[Source "lmi"]
[SourceDate "2012.09.09"]

1. d4 Nf6 2. c4 e6 3. Nc3 Bb4 4. Qc2 c5 5. dxc5 Nc6 6. Nf3 O-O 7. a3 Bxc5 8.
Bg5 b6 9. Rd1 Bb7 10. e3 Be7 11. Be2 Rc8 12. O-O Na5 13. Ne5 d6 14. b4 Nc6 15.
Nf3 Qc7 16. Bd3 h6 17. Bxf6 gxf6 18. Qe2 Rfd8 19. e4 Bf8 20. Nd2 Bg7 21. Rc1 a5
22. Qe3 axb4 23. Nd5 exd5 24. cxd5 bxa3 25. Bb5 Ba8 26. dxc6 Qa7 27. Ra1 Bxc6
28. Bxc6 Rxc6 29. Rxa3 Qe7 30. Nf3 f5 1/2-1/2

[Event "I Open Distrito de Chamartin 2012"]
[Site "Madrid ESP"]
[Date "2012.09.12"]
[Round "5.2"]
[White "Collado Barbas, Laura"]
[Black "Taboas Rodriguez, Daniel"]
[Result "0-1"]
[WhiteElo "2149"]
[BlackElo "2402"]
[PlyCount "106"]
[EventDate "2012.09.09"]
[EventType "swiss"]
[EventRounds "9"]
[EventCountry "ESP"]
[Source "lmi"]
[SourceDate "2012.09.09"]

1. d4 d5 2. c4 e6 3. Nc3 Be7 4. cxd5 exd5 5. Bf4 Nf6 6. e3 O-O 7. Bd3 c5 8.
dxc5 Bxc5 9. Nge2 Nc6 10. O-O Bg4 11. Na4 Be7 12. f3 Bh5 13. Kh1 Bg6 14. Nac3
Re8 15. Bxg6 hxg6 16. Bg5 Bc5 17. Bxf6 gxf6 18. Nxd5 Bxe3 19. Nec3 Bd4 20. Qb3
Re6 21. Nf4 Re5 22. Nfe2 Qe7 23. Ng3 Qb4 24. Qxb4 Nxb4 25. Nge2 Bb6 26. Rad1
Nxa2 27. Rd7 Rae8 28. Ne4 Kg7 29. Rxb7 f5 30. Nd6 Rxe2 31. Nxe8+ Rxe8 32. h3
Nb4 33. Rd1 Na6 34. Rdd7 Rf8 35. Rd6 f4 36. Kh2 Rc8 37. Rbd7 Rc1 38. Rd1 Rxd1
39. Rxd1 Nc5 40. g3 Ne6 41. gxf4 Nxf4 42. Rd7 g5 43. Kg3 Kg6 44. h4 Ne2+ 45.
Kh3 f6 46. hxg5 Kxg5 47. Kg2 Kf4 48. Rh7 f5 49. Rh4+ Ke3 50. Rh7 Kd3 51. Rf7
Nd4 52. Re7 Kc2 53. b4 Kc3 0-1

[Event "I Open Distrito de Chamartin 2012"]
[Site "Madrid ESP"]
[Date "2012.09.12"]
[Round "5.3"]
[White "Unciti Juan, Javier"]
[Black "Gonzalez Mateos, Rafael"]
[Result "1-0"]
[WhiteElo "2143"]
[BlackElo "2161"]
[PlyCount "124"]
[EventDate "2012.09.09"]
[EventType "swiss"]
[EventRounds "9"]
[EventCountry "ESP"]
[Source "lmi"]
[SourceDate "2012.09.09"]

1. e4 e6 2. d4 d5 3. Nc3 Bb4 4. e5 Ne7 5. a3 Bxc3+ 6. bxc3 c5 7. Nf3 Bd7 8.
dxc5 Qa5 9. Bd3 Na6 10. Bxa6 Qxa6 11. a4 Qc4 12. Qd4 Rc8 13. Nd2 Qxc5 14. Qxc5
Rxc5 15. Rb1 b6 16. O-O Bxa4 17. Ra1 b5 18. Bb2 Kd7 19. Nb3 Rc7 20. Rfd1 Nc8
21. Rd3 Nb6 22. Rf3 Kc8 23. Ba3 Bxb3 24. cxb3 Kb7 25. Bd6 Rd7 26. h4 f5 27. Kf1
Ra8 28. Bb4 d4 29. Bd6 dxc3 30. Rxc3 Rc8 31. Rg3 Rc2 32. h5 a6 33. Bf8 Rcc7 34.
Bd6 Rc8 35. Rd3 Nd5 36. Rd2 Nc3 37. Rc2 Ne4 38. Rxc8 Kxc8 39. Rxa6 Nxd6 40.
exd6 Kb7 41. Ra5 Kc6 42. Ra6+ Kc5 43. Ke2 e5 44. Ke3 g6 45. h6 g5 46. b4+ Kxb4
47. Rc6 Ka5 48. g4 fxg4 49. Ke4 b4 50. Kxe5 Rf7 51. Rc2 b3 52. Rd2 Rf8 53. d7
Rd8 54. Ke6 Kb4 55. Ke7 Ra8 56. d8=Q Rxd8 57. Rxd8 b2 58. Kf6 Kc3 59. Rb8 Kc2
60. Kxg5 b1=Q 61. Rxb1 Kxb1 62. Kxg4 Kc2 1-0

[Event "I Open Distrito de Chamartin 2012"]
[Site "Madrid ESP"]
[Date "2012.09.12"]
[Round "5.4"]
[White "Hernando Pertierra, Jose C"]
[Black "Camara Cozar, David"]
[Result "1-0"]
[WhiteElo "2376"]
[BlackElo "2077"]
[PlyCount "91"]
[EventDate "2012.09.09"]
[EventType "swiss"]
[EventRounds "9"]
[EventCountry "ESP"]
[Source "lmi"]
[SourceDate "2012.09.09"]

1. g3 Nf6 2. Bg2 g6 3. b3 Bg7 4. Bb2 O-O 5. c4 c6 6. Nf3 d6 7. d4 Nbd7 8. O-O
Ne4 9. Nbd2 Ndf6 10. Nh4 d5 11. Nhf3 Bh6 12. h3 Qc7 13. e3 Be6 14. Rc1 Qa5 15.
a3 Rac8 16. Qe1 Qb6 17. Ba1 Qd8 18. Ne5 Nxd2 19. Qxd2 Ne4 20. Qe1 f6 21. Nd3 b6
22. Kh2 Qd7 23. f3 Nd6 24. c5 Nf5 25. f4 Bg7 26. a4 Nh6 27. g4 f5 28. g5 Nf7
29. cxb6 axb6 30. a5 b5 31. h4 Nd8 32. Bc3 Bf7 33. Bb4 Ne6 34. Qc3 Qa7 35. Nc5
Nxc5 36. Qxc5 Qxc5 37. Rxc5 Be8 38. Bxd5+ Bf7 39. Bxf7+ Kxf7 40. Rfc1 Rcd8 41.
Rxc6 Bxd4 42. Rc7 Rfe8 43. exd4 Rxd4 44. Bc5 Rxf4 45. Re1 Rxh4+ 46. Kg3 1-0

[Event "I Open Distrito de Chamartin 2012"]
[Site "Madrid ESP"]
[Date "2012.09.12"]
[Round "5.5"]
[White "Elissalt Cardenas, Hector"]
[Black "Cano Cabanillas, Javier"]
[Result "1-0"]
[WhiteElo "2353"]
[BlackElo "2027"]
[PlyCount "97"]
[EventDate "2012.09.09"]
[EventType "swiss"]
[EventRounds "9"]
[EventCountry "ESP"]
[Source "lmi"]
[SourceDate "2012.09.09"]

1. c4 Nf6 2. Nc3 d5 3. cxd5 Nxd5 4. Nf3 g6 5. Qa4+ Nc6 6. Ne5 Qd6 7. Nxc6 Qxc6
8. Qxc6+ bxc6 9. g3 Bg7 10. Bg2 Be6 11. O-O O-O-O 12. a3 Nxc3 13. bxc3 Bd5 14.
Rb1 Bxg2 15. Kxg2 Kd7 16. Rb4 Rb8 17. Ra4 Be5 18. d4 Bd6 19. e4 e6 20. c4 Rb7
21. c5 Be7 22. Ra6 Ra8 23. d5 Rb5 24. dxc6+ Ke8 25. Bf4 Bxc5 26. Bxc7 Bb6 27.
Bxb6 Rxb6 28. Rxb6 axb6 29. Rb1 Ra6 30. Rd1 Ra7 31. e5 Ke7 32. Rd3 Rc7 33. Rc3
Kd8 34. a4 Ra7 35. Rd3+ Ke7 36. Rb3 Ra6 37. Rb4 Ke8 38. a5 b5 39. Rxb5 Rxc6 40.
Rb8+ Ke7 41. Rb7+ Kf8 42. Rb6 Rc5 43. a6 Ra5 44. f4 Kg7 45. h4 h6 46. g4 Ra4
47. g5 Rxf4 48. a7 Ra4 49. Rb7 1-0

[Event "I Open Distrito de Chamartin 2012"]
[Site "Madrid ESP"]
[Date "2012.09.12"]
[Round "5.6"]
[White "Cerrato Torrijos, Maria"]
[Black "Perez Gonzalez, Jose Manuel"]
[Result "0-1"]
[WhiteElo "2120"]
[BlackElo "2333"]
[PlyCount "62"]
[EventDate "2012.09.09"]
[EventType "swiss"]
[EventRounds "9"]
[EventCountry "ESP"]
[Source "lmi"]
[SourceDate "2012.09.09"]

1. e4 c5 2. Nc3 d6 3. Nge2 Nf6 4. d4 cxd4 5. Nxd4 a6 6. Be2 e6 7. O-O Be7 8.
Be3 O-O 9. f4 Qc7 10. Qe1 b5 11. Bf3 Bb7 12. a3 Nc6 13. Qg3 Rfd8 14. Rad1 Rac8
15. Kh1 Na5 16. e5 dxe5 17. fxe5 Nd7 18. Bxb7 Qxb7 19. Bh6 Bf8 20. Bg5 Re8 21.
Rf3 Nc4 22. Bf6 Nxf6 23. exf6 g6 24. b3 Nxa3 25. Qh4 h6 26. Rh3 b4 27. Ne4 Red8
28. Ng5 e5 29. Nge6 fxe6 30. Rf1 Rxd4 31. f7+ Qxf7 0-1

[Event "I Open Distrito de Chamartin 2012"]
[Site "Madrid ESP"]
[Date "2012.09.12"]
[Round "5.7"]
[White "Longa Yauca, Javier"]
[Black "Avendano Mateos, Jose"]
[Result "1-0"]
[WhiteElo "2289"]
[BlackElo "2014"]
[PlyCount "93"]
[EventDate "2012.09.09"]
[EventType "swiss"]
[EventRounds "9"]
[EventCountry "ESP"]
[Source "lmi"]
[SourceDate "2012.09.09"]

1. d4 d5 2. c4 c6 3. Nf3 e6 4. g3 f5 5. Bg2 Nf6 6. O-O Bd6 7. Nc3 O-O 8. Bg5
Nbd7 9. Rc1 h6 10. Bf4 Bxf4 11. gxf4 Ne4 12. e3 Kh7 13. Ne5 Nxe5 14. fxe5 Nxc3
15. Rxc3 Bd7 16. f3 Be8 17. cxd5 Qxd5 18. Qb3 Qd7 19. Qb4 Bh5 20. f4 Rad8 21.
Qc5 a6 22. Rf2 g5 23. fxg5 hxg5 24. b4 Kg7 25. h4 gxh4 26. Rf4 Bg4 27. Kh2 Rf7
28. Rc1 Qe7 29. Rg1 Qxc5 30. bxc5 h3 31. Bf3 Kf8 32. Bxg4 fxg4 33. Rgxg4 Rxf4
34. Rxf4+ Ke7 35. Rh4 Rg8 36. Rh7+ Kd8 37. Rxb7 Rg2+ 38. Kxh3 Rxa2 39. Kg4 a5
40. Kg5 Rf2 41. Ra7 Rf3 42. e4 Rd3 43. Kf6 Rxd4 44. Kxe6 a4 45. Kf5 Rc4 46. e6
Rc1 47. e7+ 1-0